Andrew Geller : Deconstructed : Artist and Architect /

Salvato in:
Dettagli Bibliografici
Autori principali: Gorst, Jake (Autore), Hess, Alan (Autore)
Altri autori: Hall, John M. (Fotografo)
Natura: Libro
Lingua:inglese
Pubblicazione: New York : Glitterati Incorporated, 2015
London : 2015
Edizione:1. vydanie
Soggetti:
Tags: Aggiungi Tag
Nessun Tag, puoi essere il primo ad aggiungerne!!

MARC

LEADER 00000nam a22000003a 4500
001 0085161
003 SK-STU
005 20201209113211.9
007 ta
008 201208s ----xo-----e------000-0-----d
020 |a 978-0-9903808-9-4 
040 |a STU  |b slo 
041 0 |a eng 
044 |a xxu 
100 1 |a Gorst, Jake  |4 aut 
245 1 0 |a Andrew Geller : Deconstructed :  |b Artist and Architect /  |c aut. Jake Gorst, Alan Hess ; fotogr. John M Hall 
250 |a 1. vydanie 
260 |a New York :  |b Glitterati Incorporated,  |c 2015 
260 |a London :  |b Glitterati Incorporated,  |c 2015 
300 |a 215 s. 
650 0 7 |a život a dielo 
650 0 7 |a architektúra 60. rokov 
650 0 7 |a rodinné domy 
650 0 7 |a architektúra americká 
700 1 |a Hess, Alan  |4 aut 
700 1 |a Hall, John M.  |4 pht 
996 |b 284AU08514  |c A* 11778/U  |l AAKNST  |s P  |a 0  |w 0085161_0001